000 01065nam a22002297a 4500
005 20250207115520.0
008 250207b |||||||| |||| 00| 0 eng d
020 _a978-93-5000-946-8 (hbk)
037 _cTB
040 _aCRL
_cCRL
041 _2hin
_ahin
084 _aNW44:g(Y:49(Q)) 152Q2;R4
_qCRL
100 _aपारख,जवरीमल्ल
245 _aसाझा संस्कृति, सांप्रदायिक आतंकवाद और हिन्दी सिनेमा
260 _aनई दिल्ली, भारत:
_bवाणी प्रकाशन,
_c2024
300 _a271पृ0
365 _b650.00
_cINR
650 _aसिनेमा
650 _aसमाजशास्त्र
942 _2CC
_cTB
_hNW44:g(Y:49(Q)) 152Q2;R4
_n0
999 _c1238365
_d1238365